[Event "Adelaide Queen's Birthday op"]
[Site "Adelaide"]
[Date "2010.06.13"]
[Round "6"]
[White "Gupta, Aashray"]
[Black "Miller, Anthony Christopher"]
[Result "0-1"]
[WhiteElo "1136"]
[BlackElo "1161"]
[PlyCount "92"]
[EventDate "2010.06.12"]
[EventType "swiss"]
[EventRounds "6"]
[EventCountry "AUS"]
[SourceTitle "EXT 2023"]
[Source "ChessBase"]
[SourceDate "2022.10.05"]
[SourceVersion "1"]
[SourceVersionDate "2022.10.05"]
[SourceQuality "1"]

1. e4 e6 2. d4 d5 3. exd5 exd5 4. Bd3 Bd6 5. Nc3 c6 6. Nge2 Bg4 7. Be3 Nf6 8. f3 Bh5 9. Qd2 Nbd7 10. Bf4 Qe7 11. Bxd6 Qxd6 12. Qe3+ Qe7 13. Qxe7+ Kxe7 14. 0-0-0 Rae8 15. Nf4 Bg6 16. Nxg6+ hxg6 17. Rde1+ Kd6 18. Rxe8 Rxe8 19. Kd2 Nb6 20. Re1 Rxe1 21. Kxe1 Nh5 22. g3 Nf6 23. a3 Nh7 24. h4 Nf6 25. g4 Ne8 26. Ne2 Na4 27. b3 Nb2 28. Kd2 Nxd3 29. Kxd3 Nc7 30. Nf4 Ne6 31. Nxe6 Kxe6 32. Ke3 a5 33. c4 dxc4 34. bxc4 b6 35. Kf4 b5 36. d5+ Kd6 37. Ke4 cxd5+ 38. cxd5 b4 39. a4 b3 40. Kd3 Kxd5 41. Kc3 b2 42. Kxb2 Kc4 43. f4 Kb4 44. f5 gxf5 45. gxf5 Kxa4 46. h5 f6 0-1

[Event "Adelaide Queen's Birthday op"]
[Site "Adelaide"]
[Date "2010.06.13"]
[Round "5"]
[White "Thiyagarajah, Anand"]
[Black "Gupta, Aashray"]
[Result "1-0"]
[WhiteElo "1760"]
[BlackElo "1136"]
[PlyCount "81"]
[EventDate "2010.06.12"]
[EventType "swiss"]
[EventRounds "6"]
[EventCountry "AUS"]
[SourceTitle "EXT 2023"]
[Source "ChessBase"]
[SourceDate "2022.10.05"]
[SourceVersion "1"]
[SourceVersionDate "2022.10.05"]
[SourceQuality "1"]

1. e4 c5 2. c3 d6 3. d4 cxd4 4. cxd4 a6 5. Nf3 Nf6 6. Nc3 e6 7. Bd3 b5 8. Bg5 Be7 9. e5 Nd5 10. Bxe7 Qxe7 11. Nxd5 exd5 12. Qc2 dxe5 13. Qxc8+ Qd8 14. Qxd8+ Kxd8 15. Nxe5 Re8 16. Kd2 f6 17. Nf3 Nc6 18. Bxh7 Rc8 19. Rac1 Kc7 20. Rhe1 Rxe1 21. Rxe1 Nb4 22. Rc1+ Nc6 23. a3 Kb7 24. Rc5 Rh8 25. Bg6 Rd8 26. Kd3 Kb6 27. Bf7 Ne7 28. h3 a5 29. Nh4 b4 30. Ng6 Nxg6 31. Bxg6 bxa3 32. bxa3 Rd7 33. Be8 Re7 34. Bc6 Rc7 35. Bxd5 Rxc5 36. dxc5+ Kxc5 37. Bf7 Kd6 38. Kc4 Ke5 39. Kb5 Ke4 40. Kxa5 Kd3 41. Bh5 1-0

[Event "Adelaide Queen's Birthday op"]
[Site "Adelaide"]
[Date "2009.06.07"]
[Round "4"]
[White "Gupta, Aashray"]
[Black "Lower, Kevin"]
[Result "1-0"]
[WhiteElo "1155"]
[BlackElo "1051"]
[PlyCount "65"]
[EventDate "2009.06.06"]
[EventType "swiss"]
[EventRounds "6"]
[EventCountry "AUS"]
[SourceTitle "EXT 2023"]
[Source "ChessBase"]
[SourceDate "2022.10.05"]
[SourceVersion "1"]
[SourceVersionDate "2022.10.05"]
[SourceQuality "1"]

1. e4 e6 2. d4 d5 3. Nc3 c5 4. Bf4 a6 5. a4 Qa5 6. g3 cxd4 7. Qxd4 Nc6 8. Qd2 d4 9. Nce2 Bb4 10. c3 dxc3 11. Nxc3 Nf6 12. Bg2 e5 13. Bg5 Be6 14. Bxf6 gxf6 15. Rc1 Rd8 16. Qh6 Ke7 17. Nge2 Bc4 18. Bf3 Nd4 19. Qh5 Nb3 20. Rc2 Bd3 21. Rd2 Nxd2 22. Kxd2 Bxe4+ 23. Kc1 Bxf3 24. Qxf3 Qc7 25. Kb1 Bxc3 26. Nxc3 Rd2 27. Nd5+ Rxd5 28. Qxd5 Rd8 29. Qe4 Rd2 30. Rc1 Qd7 31. Qxh7 Rd1 32. Qc2 Rxc1+ 33. Kxc1 1-0

[Event "Adelaide Queen's Birthday op"]
[Site "Adelaide"]
[Date "2009.06.06"]
[Round "2"]
[White "Gupta, Aashray"]
[Black "Bortsova, Natasha"]
[Result "0-1"]
[WhiteElo "1155"]
[BlackElo "1436"]
[PlyCount "60"]
[EventDate "2009.06.06"]
[EventType "swiss"]
[EventRounds "6"]
[EventCountry "AUS"]
[SourceTitle "EXT 2023"]
[Source "ChessBase"]
[SourceDate "2022.10.05"]
[SourceVersion "1"]
[SourceVersionDate "2022.10.05"]
[SourceQuality "1"]

1. e4 d6 2. d4 Nf6 3. Nc3 g6 4. h3 Bg7 5. Nf3 a6 6. a4 b6 7. Bc4 Bb7 8. Qe2 0-0 9. Ng5 Nc6 10. Nxf7 Rxf7 11. Be3 Qe8 12. Bxf7+ Qxf7 13. 0-0 a5 14. Nb5 Ba6 15. c4 Bxb5 16. axb5 Nd8 17. Qf3 Rc8 18. d5 e6 19. Qf4 exd5 20. cxd5 Qe7 21. Rfe1 Qxe4 22. Qxe4 Nxe4 23. Bxb6 cxb6 24. Rxe4 Bxb2 25. Re8+ Kf7 26. Rae1 Be5 27. f4 Kxe8 28. fxe5 dxe5 29. Rxe5+ Kd7 30. Kf2 Kd6 0-1

[Event "AUS-ch U18"]
[Site "Adelaide"]
[Date "2009.01.12"]
[Round "10"]
[White "Griggs, James"]
[Black "Gupta, Aashray"]
[Result "1-0"]
[WhiteElo "1521"]
[BlackElo "1571"]
[PlyCount "39"]
[EventDate "2009.01.02"]
[EventType "swiss"]
[EventRounds "11"]
[EventCountry "AUS"]
[SourceTitle "CBM 128 Extra"]
[Source "ChessBase"]
[SourceDate "2009.03.05"]
[SourceVersion "2"]
[SourceVersionDate "2009.03.25"]
[SourceQuality "1"]

1. Nf3 c5 2. g3 Nc6 3. Bg2 g6 4. 0-0 Bg7 5. d3 e6 6. Nc3 Nge7 7. e4 0-0 8. Nh4 f5 9. f4 d6 10. g4 b6 11. Nf3 Bb7 12. Ng5 Qd7 13. h4 Rab8 14. Rf2 Bd4 15. h5 Bxf2+ 16. Kxf2 b5 17. hxg6 hxg6 18. Qh1 Nc8 19. exf5 exf5 20. Bd5+ 1-0

[Event "AUS-ch U18"]
[Site "Adelaide"]
[Date "2009.01.09"]
[Round "8"]
[White "Gupta, Aashray"]
[Black "Daenke, Stephen"]
[Result "1-0"]
[WhiteElo "1571"]
[BlackElo "1059"]
[PlyCount "39"]
[EventDate "2009.01.02"]
[EventType "swiss"]
[EventRounds "11"]
[EventCountry "AUS"]
[SourceTitle "CBM 128 Extra"]
[Source "ChessBase"]
[SourceDate "2009.03.05"]
[SourceVersion "2"]
[SourceVersionDate "2009.03.25"]
[SourceQuality "1"]

1. e4 c5 2. Nc3 g6 3. f4 Bg7 4. Nf3 e6 5. Bc4 Ne7 6. 0-0 0-0 7. Qe1 d5 8. Be2 Nbc6 9. d3 Bd7 10. Qh4 Rc8 11. f5 exf5 12. Bh6 fxe4 13. Ng5 f6 14. Bxg7 fxg5 15. Qh6 Rxf1+ 16. Rxf1 Nf5 17. Rxf5 Bxf5 18. dxe4 Bxe4 19. Nxe4 dxe4 20. Bc4+ 1-0